Online
Catalog

Guía didáctica del libro constitución, democracia y ciudadanía". / (Record no. 54272)

MARC details
000 -CABECERA
campo de control de longitud fija 01576nam a2200289 i 4500
003 - IDENTIFICADOR DEL NÚMERO DE CONTROL
campo de control DO-SdBNP
005 - FECHA Y HORA DE LA ÚLTIMA TRANSACCIÓN
campo de control 20251120073733.0
006 - CÓDIGOS DE INFORMACIÓN DE LONGITUD FIJA--CARACTERÍSTICAS DEL MATERIAL ADICIONAL
campo de control de longitud fija a||||gr|||| 00| 0
007 - CAMPO FIJO DE DESCRIPCIÓN FÍSICA--INFORMACIÓN GENERAL
campo de control de longitud fija ta
008 - DATOS DE LONGITUD FIJA--INFORMACIÓN GENERAL
campo de control de longitud fija 230731e2008 dr ad||| |||| 00| 0 spa d
020 ## - NÚMERO INTERNACIONAL ESTÁNDAR DEL LIBRO
Número Internacional Estándar del Libro 9789945415223
040 ## - FUENTE DE LA CATALOGACIÓN
Centro catalogador/agencia de origen DO-SdBNP
Lengua de catalogación spa
Centro/agencia transcriptor BNPHU
Normas de descripción rda
082 #4 - NÚMERO DE LA CLASIFICACIÓN DECIMAL DEWEY
Número de edición 22
Número de documento/Ítem G216g
245 10 - MENCIÓN DE TÍTULO
Título Guía didáctica del libro constitución, democracia y ciudadanía". /
Mención de responsabilidad, etc. Gladis Graciela García Romero
246 1# - FORMA VARIANTE DE TÍTULO
Título propio/Titulo breve Guía didáctica del texto:
Resto del título "constitución, democracia y ciudadanía"
264 #1 - PRODUCCIÓN, PUBLICACIÓN, DISTRIBUCIÓN, FABRICACIÓN Y COPYRIGHT
Producción, publicación, distribución, fabricación y copyright Santo Domingo :
Nombre del de productor, editor, distribuidor, fabricante Banco Popular Dominicano,
Fecha de producción, publicación, distribución, fabricación o copyright 2008
300 ## - DESCRIPCIÓN FÍSICA
Extensión 169 páginas :
Otras características físicas Ilustraciones, gráficas ;
Dimensiones 25 cm.
336 ## - TIPO DE CONTENIDO
Fuente rdaconent
Término de tipo de contenido texto
Código de tipo de contenido txt
337 ## - TIPO DE MEDIO
Fuente rdamedia
Nombre/término del tipo de medio sin medición
Código del tipo de medio nc
338 ## - TIPO DE SOPORTE
Fuente rdacarrier
Nombre/término del tipo de soporte volumen
Código del tipo de soporte nc
505 ## - NOTA DE CONTENIDO CON FORMATO
Nota de contenido con formato Introducción.
Información miscelánea Unidad I.
Título Concepto de Constitución. Origen
Información miscelánea Unidad II.
Título La Constitución: Instrumento de Organización del Estado.--
Información miscelánea Unidad III.
Título El Poder y El Estado.--
Información miscelánea Unidad IV.
Título La Reforma de la Constitución.--
Información miscelánea Unidad V.
Título Derechos y Deberes Fundamentales de las Personas.--
505 ## - NOTA DE CONTENIDO CON FORMATO
Nota de contenido con formato Unidad VI.
Título Nación, Estado y Constitución.--
Información miscelánea Unidad VII.
Título El Gobierno.--
Información miscelánea Unidad VIII.
Título El Sistema Político y el Estado.--
Información miscelánea Unidad IX.
Título Partidos Políticos, Estado y Constitución.--
Información miscelánea Unidad X.
Título Las Organizaciones y los Movimientos Sociales.--
Información miscelánea Unidad XI.
Título La Ciudadanía y los Valores Democrático.
590 ## - NOTA LOCAL (RLIN)
Nota local Inventariado 2023 / MF
710 #2 - PUNTO DE ACCESO ADICIONAL--NOMBRE DE ENTIDAD CORPORATIVA
Nombre de entidad corporativa o nombre de jurisdicción como elemento de entrada Consorcio de Educación Cívica
9 (RLIN) 56430
710 22 - PUNTO DE ACCESO ADICIONAL--NOMBRE DE ENTIDAD CORPORATIVA
Nombre de entidad corporativa o nombre de jurisdicción como elemento de entrada Pontificia Universidad Católica Madre y Maestra
9 (RLIN) 843
942 ## - ELEMENTOS DE PUNTO DE ACCESO ADICIONAL (KOHA)
Fuente del sistema de clasificación o colocación Dewey Decimal Classification
Tipo de ítem Koha Libro
Holdings
Estado de retiro Estado de pérdida Fuente del sistema de clasificación o colocación Restricciones de uso No para préstamo Código de colección Localización permanente Ubicación/localización actual Ubicación en estantería Fecha de adquisición Fuente de adquisición Total de préstamos Signatura topográfica completa Código de barras Fecha visto por última vez Precio válido a partir de Tipo de ítem Koha Número de copia Nota pública
    Dewey Decimal Classification Excluido de préstamo   Patrimonio Dominicano Biblioteca Nacional Pedro Henríquez Ureña Biblioteca Nacional Pedro Henríquez Ureña En catalogación 31.12.2014 Donado Barbara Suncar   G216g 2023-5088 31.07.2023 31.07.2023 Libro    
    Dewey Decimal Classification Excluido de préstamo   Patrimonio Dominicano Biblioteca Nacional Pedro Henríquez Ureña Biblioteca Nacional Pedro Henríquez Ureña En catalogación 31.12.2014 Barbara Suncar   BNPHU PD G216g 2023-8183 01.12.2023 31.07.2023 Libro e. 2 Perteneció a la biblioteca personal de Bárbara Suncar

Powered by Koha